00952nam a22002297a 4500003000900000008004100009040007100050082002300121245010900144260002700253300004500280440004900325505015100374650002600525650001900551650002400570650001300594700002800607700002800635700002700663700003200690AR-CdUCM190425b ||||| |||| 00| 0 spa d aMUNICIPALIDAD PROVINCIAL DEL CUSCOcBIBLIOTECA MUNICIPAL DEL CUSCO aOropesa/N°82/2012 aOropesa :brevista de cultura y educación de opinión y crítica /cAmérico Valer Vargas, Director aCusco.bLezama,c2012. a22 páginas. :bilustraciones ;c30 cm. aOropesa.nAño XXXI, N°LXXXII, junio 2012. aContenido: Homenaje a Washington Canal Astete. -- Indios nobles y cusqueños desconocimiento y remembranza. -- La revolución del Cusco de 1814. aPolítica cusqueña aCultura andina aSociedad cusqueña aSiglo XX aValer Vargas, Alejandro aValer Vargas, Américo aPolo y La Borda, Jorge aValenzuela Lovón, Armando